00341nam a2200145Ia 4500008004100000084001200041100002100053245002800074250002000102260000900122260000900131260001100140300000900151500003500160180424s9999 xx 000 0 und d aT21 I11 a"Iraiyarasan, P" 0aIthazhaalar Bharathiyar a\\199500TAMGPSX aNCBH b1995 cMadras a390p aincludes index and biblioraphy